Form of agreement for collateral warranty for use where a warranty is to be given to a purchaser or tenant of premises in a commercial and/or industrial development. (Record no. 96171)

MARC details
000 -LEADER
fixed length control field 01403cam a2200289 4500
001 - CONTROL NUMBER
control field J719
008 - FIXED-LENGTH DATA ELEMENTS--GENERAL INFORMATION
fixed length control field 090401t1992 xxu||||| |||| 00| 0 eng d
035 ## - SYSTEM CONTROL NUMBER
System control number (Sirsi) u76429
041 ## - LANGUAGE CODE
Language code of text/sound track or separate title eng
050 ## - LIBRARY OF CONGRESS CALL NUMBER
Classification number 692.8
110 ## - MAIN ENTRY--CORPORATE NAME
Corporate name or jurisdiction name as entry element British Property Federation
9 (RLIN) 1604
245 ## - TITLE STATEMENT
Title Form of agreement for collateral warranty for use where a warranty is to be given to a purchaser or tenant of premises in a commercial and/or industrial development.
260 ## - PUBLICATION, DISTRIBUTION, ETC.
Place of publication, distribution, etc. London
Name of publisher, distributor, etc. British Property Federation
Date of publication, distribution, etc. 1992
300 ## - PHYSICAL DESCRIPTION
Extent 1 pad of forms
350 ## - PRICE (NR) (BK AM CF MU VM SE) [OBSOLETE]
Price 10
490 ## - SERIES STATEMENT
Series statement CoWa/P&T
520 ## - SUMMARY, ETC.
Summary, etc. Prepared and approved for use by the BPF, Association of Consulting Engineers , Royal Incorporation of Architects in Scotland, Royal Institute of British Architects and the Royal Institution of Chartered Surveyors, after consultant with the Association of British Insurers. - Accompanied by 1 sheet of Additional Notes and two page RICS Guidance Notes for RICS Members on Collateral Warranties for Purchasers and Tenants CoWa/P&T.
650 ## - SUBJECT ADDED ENTRY--TOPICAL TERM
Topical term or geographic name entry element BUILT ENVIRONMENT-BUILDING CONTRACT FORMS
650 ## - SUBJECT ADDED ENTRY--TOPICAL TERM
Topical term or geographic name entry element BUILT ENVIRONMENT-BUILDING CONTRACT FORMS-CONSTRUCTION COLLATERAL WARRANTY FORMS
650 ## - SUBJECT ADDED ENTRY--TOPICAL TERM
Topical term or geographic name entry element CONSULTANTS
650 ## - SUBJECT ADDED ENTRY--TOPICAL TERM
Topical term or geographic name entry element Insurance
9 (RLIN) 6249
650 ## - SUBJECT ADDED ENTRY--TOPICAL TERM
Topical term or geographic name entry element LIABILITY
650 ## - SUBJECT ADDED ENTRY--TOPICAL TERM
Topical term or geographic name entry element PROFESSIONAL INDEMNITY INSURANCE
690 ## - LOCAL SUBJECT ADDED ENTRY--TOPICAL TERM (OCLC, RLIN)
Topical term or geographic name as entry element BUILT ENVIRONMENT-BUILDING CONTRACT FORMS
942 ## - ADDED ENTRY ELEMENTS (KOHA)
Suppress in OPAC 0
948 ## - LOCAL PROCESSING INFORMATION (OCLC); SERIES PART DESIGNATOR (RLIN)
c (OCLC) 04/03/1997
Holdings
Withdrawn status Lost status Source of classification or shelving scheme Damaged status Not for loan Home library Current library Shelving location Date acquired Cost, normal purchase price Total Checkouts Full call number Barcode Date last seen Copy number Cost, replacement price Price effective from Koha item type
    Dewey Decimal Classification     London London Basement 15/05/1992 10.00   SHELF 113 30032934 06/08/2019 1 10.00 06/08/2019 Book